[Event "BL 0304 SFR Neukölln - SG Köln Porz"]
[Site "?"]
[Date "2003.11.23"]
[Round "4.6"]
[White "Thiede, Lars"]
[Black "Vaganian, Rafael A"]
[Result "1-0"]
[WhiteElo "2440"]
[BlackElo "2623"]
[PlyCount "95"]
[EventDate "2003.??.??"]

1. g3 d5 2. c4 e6 3. Bg2 Nf6 4. Nf3 Be7 5. b3 b6 6. O-O Bb7 7. Bb2 O-O 8. e3 c5
9. Qe2 Nc6 10. Rd1 dxc4 11. bxc4 Qc7 12. Nc3 a6 13. Rab1 Rab8 14. Ba1 Rfd8 15.
d3 Na7 16. a4 Nc6 17. Ne1 Nb4 18. f4 Bxg2 19. Qxg2 Rd7 20. Rd2 Rbd8 21. Rbd1
Ne8 22. g4 Bh4 23. Nf3 Bf6 24. Qe2 Qc6 25. g5 Bxc3 26. Bxc3 f6 27. Qg2 fxg5 28.
Nxg5 Qxg2+ 29. Kxg2 Nxd3 30. Kf1 e5 31. Ke2 h6 32. Ne6 e4 33. Nxd8 Rxd8 34. Be5
Kf7 35. Rxd3 exd3+ 36. Rxd3 Rxd3 37. Kxd3 Ke6 38. Ke4 g6 39. h3 Nd6+ 40. Bxd6
Kxd6 41. h4 Kc6 42. Kd3 Kd6 43. e4 Ke6 44. Ke3 h5 45. a5 bxa5 46. Kd3 Kd6 47.
Kc3 Kc6 48. Kb3 1-0

[Event "BL 0304 SFR Neukölln - SG Köln Porz"]
[Site "?"]
[Date "2003.11.23"]
[Round "4.7"]
[White "Van den Doel, Erik"]
[Black "Schwarz, Michael"]
[Result "1/2-1/2"]
[WhiteElo "2609"]
[BlackElo "2409"]
[PlyCount "126"]
[EventDate "2003.??.??"]

1. e4 c6 2. d4 d5 3. e5 Bf5 4. Be3 e6 5. Nd2 Ne7 6. Nb3 Bg6 7. Nf3 Nf5 8. Bg5
Be7 9. Bxe7 Qxe7 10. Bd3 Nh4 11. Nxh4 Qxh4 12. O-O Nd7 13. f4 O-O 14. Na5 Rab8
15. b4 Qe7 16. Qd2 Bxd3 17. cxd3 f5 18. exf6 Rxf6 19. Rae1 Qd6 20. Rc1 Nf8 21.
a3 Ng6 22. g3 Ne7 23. Qe3 Nf5 24. Qe5 Qxe5 25. dxe5 Rf7 26. Nb3 h5 27. Rf3 Rbf8
28. Kf2 Kh7 29. Ke2 g6 30. a4 a6 31. d4 Ng7 32. Rcf1 Ra8 33. Rc3 Raf8 34. Nd2
Nf5 35. Nf3 Kg7 36. Kd3 Re7 37. Ng5 Nh6 38. b5 axb5 39. axb5 Nf7 40. Nxf7 Kxf7
41. bxc6 bxc6 42. Rxc6 Ra8 43. Rfc1 Ra2 44. R1c2 Rxc2 45. Kxc2 Rb7 46. Kc3 Rb1
47. Rc7+ Kf8 48. Ra7 Rb5 49. Ra1 Rb6 50. h3 Rc6+ 51. Kd3 Rb6 52. Ra3 Rb1 53.
Kc3 Rc1+ 54. Kb4 Rc4+ 55. Kb5 Ke7 56. h4 Rc1 57. Ra7+ Kf8 58. Ra6 Ke7 59. Rc6
Rb1+ 60. Kc5 Rc1+ 61. Kb6 Rb1+ 62. Kc5 Rc1+ 63. Kb6 Rb1+ 1/2-1/2

[Event "BL 0304 SFR Neukölln - SG Köln Porz"]
[Site "?"]
[Date "2003.11.23"]
[Round "4.8"]
[White "Rudolf, Henrik"]
[Black "Kengis, Edwin"]
[Result "0-1"]
[WhiteElo "2316"]
[BlackElo "2572"]
[PlyCount "100"]
[EventDate "2003.??.??"]

1. e4 c5 2. Nf3 e6 3. Nc3 a6 4. d4 cxd4 5. Nxd4 b5 6. Bd3 d6 7. Qe2 Nf6 8. g4
Bb7 9. g5 Nfd7 10. h4 g6 11. Bd2 Bg7 12. Nf3 Nc6 13. h5 O-O 14. Qf1 Re8 15. Qh3
Nf8 16. hxg6 fxg6 17. Qg3 Nb4 18. O-O-O Nxd3+ 19. cxd3 b4 20. Ne2 a5 21. Kb1 e5
22. Nh2 d5 23. f3 Ra6 24. Ng4 Rd6 25. Nf2 dxe4 26. fxe4 Qd7 27. Nc1 Rc8 28.
Rhe1 Ba6 29. Be3 Ne6 30. Ka1 a4 31. Ng4 a3 32. Nf6+ Bxf6 33. gxf6 axb2+ 34.
Kxb2 Nf8 35. Qxe5 Re6 36. Qd4 Kf7 37. e5 Qxd4+ 38. Bxd4 Rec6 39. Rd2 Ne6 40.
Be3 Rd8 41. d4 Bc4 42. Red1 Bd5 43. Nd3 Rb6 44. Rc1 Ra8 45. Ra1 h5 46. Nc5 Ra3
47. Nb3 Rba6 48. Rd3 h4 49. Bf2 Nf4 50. Rdd1 Bxb3 0-1

[Event "BL 0304 Solinger SG - SV Werder Bremen"]
[Site "?"]
[Date "2003.11.23"]
[Round "4.2"]
[White "Jussupow, Artur"]
[Black "Hracek, Zbynek"]
[Result "1/2-1/2"]
[WhiteElo "2589"]
[BlackElo "2578"]
[PlyCount "92"]
[EventDate "2003.??.??"]

1. d4 Nf6 2. Nf3 e6 3. e3 c5 4. c4 cxd4 5. exd4 d5 6. Nc3 Bb4 7. Bd3 dxc4 8.
Bxc4 O-O 9. O-O b6 10. Re1 Bb7 11. Bd3 Nbd7 12. Bg5 Bxc3 13. bxc3 Qc7 14. Rc1
Rfe8 15. Bh4 Rac8 16. Bg3 Qd8 17. Nd2 Nf8 18. Nc4 Qd5 19. Ne3 Qd8 20. Nc4 Qd5
21. Ne3 Qd8 22. Ng4 Nxg4 23. Qxg4 Qd5 24. Be4 Qd7 25. Bxb7 Qxb7 26. h4 Nd7 27.
h5 Nf6 28. Qh4 h6 29. Be5 Qe7 30. Qh3 b5 31. a4 bxa4 32. c4 Nd7 33. Bf4 Qf6 34.
Bh2 Nb6 35. c5 Nd5 36. Red1 Ne7 37. Ra1 Nc6 38. Rxa4 Red8 39. Bd6 Qg5 40. d5
exd5 41. Rg4 Qf6 42. Qg3 Re8 43. Rf4 Qe6 44. Rg4 Qf6 45. Rf4 Qe6 46. Rg4 Qf6
1/2-1/2

[Event "BL 0304 Solinger SG - SV Werder Bremen"]
[Site "?"]
[Date "2003.11.23"]
[Round "4.3"]
[White "Babula, Vlastimil"]
[Black "Gabriel, Christian"]
[Result "1-0"]
[WhiteElo "2567"]
[BlackElo "2560"]
[PlyCount "43"]
[EventDate "2003.??.??"]

1. d4 Nf6 2. c4 e6 3. Nf3 d5 4. Nc3 Be7 5. Bg5 h6 6. Bh4 O-O 7. e3 b6 8. Bd3
Bb7 9. O-O Nbd7 10. Qe2 Ne4 11. Bg3 c5 12. cxd5 exd5 13. Rad1 Qc8 14. Rfe1 Bf6
15. Bxe4 dxe4 16. Nd2 cxd4 17. exd4 Bxd4 18. Nb5 Bxb2 19. Nd6 Qc6 20. N2xe4 f5
21. Qxb2 fxe4 22. Rc1 1-0

[Event "BL 0304 Solinger SG - SV Werder Bremen"]
[Site "?"]
[Date "2003.11.23"]
[Round "4.5"]
[White "Schandorff, Lars"]
[Black "Naumann, Alexander"]
[Result "1/2-1/2"]
[WhiteElo "2520"]
[BlackElo "2518"]
[PlyCount "53"]
[EventDate "2003.??.??"]

1. Nf3 Nf6 2. c4 e6 3. d4 d5 4. Nc3 dxc4 5. e4 Bb4 6. Bg5 c5 7. Bxc4 cxd4 8.
Nxd4 Bxc3+ 9. bxc3 Qa5 10. Bb5+ Bd7 11. Bxf6 gxf6 12. Qb3 O-O 13. O-O Bxb5 14.
Nxb5 Nc6 15. c4 Rad8 16. c5 Nd4 17. Nxd4 Rxd4 18. Qg3+ Kh8 19. Qf4 Kg7 20. Qg3+
Kh8 21. Qf4 Kg7 22. Rab1 Qxc5 23. Rxb7 Qg5 24. Qc7 Qe5 25. Qe7 Rxe4 26. Rxa7
Re1 27. g3 1/2-1/2

[Event "BL 0304 Solinger SG - SV Werder Bremen"]
[Site "?"]
[Date "2003.11.23"]
[Round "4.6"]
[White "Werle, Jan"]
[Black "Skripchenko-Lautier, Almira"]
[Result "0-1"]
[WhiteElo "2409"]
[BlackElo "2460"]
[PlyCount "82"]
[EventDate "2003.??.??"]

1. Nf3 g6 2. c4 Bg7 3. e4 d6 4. d4 Bg4 5. Be2 c5 6. d5 e6 7. Nc3 Bxf3 8. Bxf3
exd5 9. exd5 Nd7 10. O-O Ne7 11. Ne4 Ne5 12. Be2 Qc7 13. Qa4+ Kf8 14. f4 Nd7
15. Bg4 Nf6 16. Nxf6 Bxf6 17. Rb1 Kg7 18. b4 h5 19. Bh3 Nc8 20. Qc2 cxb4 21.
Bb2 Qd8 22. Bxc8 Rxc8 23. f5 g5 24. Qd2 Bxb2 25. Rxb2 Qf6 26. Rxb4 b6 27. Ra4
Rc7 28. Ra3 Rxc4 29. Rxa7 Rd4 30. Qe3 Rc8 31. Rd7 Rxd5 32. Qe6 Rcc5 33. h3 Rd2
34. Kh1 Re5 35. Qxf6+ Kxf6 36. Rb7 Rxa2 37. Rxb6 Rd2 38. Rc1 Rxf5 39. Kg1 h4
40. Rcc6 Ke6 41. Rc4 Rd1+ 0-1

[Event "BL 0304 Solinger SG - SV Werder Bremen"]
[Site "?"]
[Date "2003.11.23"]
[Round "4.7"]
[White "Joachim, Sven"]
[Black "Schaefer, Markus"]
[Result "1/2-1/2"]
[WhiteElo "2434"]
[BlackElo "2374"]
[PlyCount "93"]
[EventDate "2003.??.??"]

1. c4 Nf6 2. Nc3 g6 3. e4 d6 4. d4 Bg7 5. f3 O-O 6. Nge2 c5 7. Be3 Nbd7 8. d5
Ne5 9. Ng3 e6 10. Be2 exd5 11. cxd5 h5 12. O-O Nh7 13. Qd2 h4 14. Nh1 f5 15.
Nf2 a6 16. a4 b6 17. Rab1 Ra7 18. f4 Nf7 19. b4 Rc7 20. Rfc1 Re8 21. a5 cxb4
22. Rxb4 bxa5 23. Rc4 Rxc4 24. Bxc4 fxe4 25. Ncxe4 Nf6 26. Nc3 Nh6 27. Na4 Nf5
28. Bb6 Qe7 29. Bd3 Bd7 30. Qxa5 Bb5 31. Bxb5 axb5 32. Qxb5 Qe1+ 33. Rxe1 Rxe1+
34. Qf1 Rxf1+ 35. Kxf1 Nxd5 36. Nd3 Nfe3+ 37. Bxe3 Nxe3+ 38. Ke2 Nxg2 39. Kf3
h3 40. Nb6 Nh4+ 41. Kg4 Nf5 42. Nc4 Kf7 43. Kxh3 Ke6 44. Kg4 Kd5 45. Nxd6 Kxd6
46. Kg5 Ne7 47. Ne5 1/2-1/2

[Event "BL 0304 Solinger SG - SV Werder Bremen"]
[Site "?"]
[Date "2003.11.23"]
[Round "4.8"]
[White "Wegerle, Joerg"]
[Black "Meins, Gerlef"]
[Result "0-1"]
[WhiteElo "2382"]
[BlackElo "2454"]
[PlyCount "152"]
[EventDate "2003.??.??"]

1. e4 c5 2. c4 Nc6 3. Ne2 Nf6 4. Nbc3 e6 5. d4 cxd4 6. Nxd4 Bb4 7. Nxc6 bxc6 8.
Bd3 e5 9. O-O O-O 10. Qb3 Bc5 11. Bg5 d6 12. Rad1 h6 13. Bd2 Ng4 14. h3 Nf6 15.
Qc2 Nh5 16. Ne2 a5 17. Be3 Qb6 18. Bxc5 Qxc5 19. Kh2 Rb8 20. Rd2 Be6 21. g3 Rb4
22. Qc3 Rfb8 23. b3 a4 24. Bc2 axb3 25. axb3 Nf6 26. Qe3 Qxe3 27. fxe3 d5 28.
exd5 cxd5 29. cxd5 Nxd5 30. Rfd1 Nf6 31. Rd8+ Ne8 32. Nc1 Kf8 33. g4 Ke7 34.
Rxb8 Rxb8 35. Kg3 Nf6 36. Kf3 g6 37. Rd2 h5 38. g5 Nd7 39. h4 Nc5 40. e4 Nxb3
41. Bxb3 Bxb3 42. Nd3 Rb5 43. Rb2 Bd1+ 44. Ke3 Rxb2 45. Nxb2 Bc2 46. Nc4 f6 47.
Kf3 Ke6 48. gxf6 Kxf6 49. Nb6 Ke6 50. Nd5 Bb3 51. Nc7+ Kf6 52. Ne8+ Ke7 53. Nc7
Bc4 54. Nd5+ Kf7 55. Ne3 Bd3 56. Ng2 Kf6 57. Ke3 Bb1 58. Ne1 g5 59. Nf3 gxh4
60. Nxh4 Bc2 61. Kf3 Kg5 62. Ng2 h4 63. Ne3 Bb3 64. Kf2 Be6 65. Kf3 Bh3 66. Nd5
Bg4+ 67. Kf2 Bd1 68. Ne3 Bh5 69. Nd5 Bg6 70. Kf3 h3 71. Nc3 Kh4 72. Kf2 Kg4 73.
Kg1 Kg3 74. Ne2+ Kf3 75. Nc3 Bxe4 76. Kh2 Bf5 0-1

[Event "BL 0304 SV Wattenscheid - Bremer SG"]
[Site "?"]
[Date "2003.11.23"]
[Round "4.3"]
[White "Landa, Konstantin"]
[Black "Appel, Ralf"]
[Result "0-1"]
[WhiteElo "2587"]
[BlackElo "2513"]
[PlyCount "79"]
[EventDate "2003.??.??"]

1. e4 Nf6 2. e5 Nd5 3. d4 d6 4. c4 Nb6 5. exd6 exd6 6. Nc3 Be7 7. Bd3 O-O 8.
Nge2 Nc6 9. O-O Bg4 10. f3 Bh5 11. b3 Re8 12. Bb2 Bf6 13. Kh1 Nb4 14. Bf5 c6
15. a3 Na6 16. a4 Nc7 17. a5 Nc8 18. Bh3 d5 19. c5 Bg6 20. Qd2 Ne7 21. Ng3 h5
22. Rfe1 h4 23. Nf1 Nf5 24. Rxe8+ Qxe8 25. Re1 Qd8 26. Ne2 Bg5 27. Qb4 Nb5 28.
Nc1 Qf6 29. a6 bxa6 30. Qa4 Bxc1 31. Rxc1 Re8 32. Rd1 Re2 33. Ba1 Ne3 34. Nxe3
Rxe3 35. Qa5 Rxf3 36. gxf3 Qxf3+ 37. Kg1 Qxd1+ 38. Kf2 Qc2+ 39. Kg1 Qc1+ 40.
Bf1 0-1

[Event "BL 0304 SV Wattenscheid - Bremer SG"]
[Site "?"]
[Date "2003.11.23"]
[Round "4.4"]
[White "Holzke, Frank Dr"]
[Black "Hjartarson, Johann"]
[Result "1-0"]
[WhiteElo "2471"]
[BlackElo "2640"]
[PlyCount "89"]
[EventDate "2003.??.??"]

1. e4 e5 2. Nf3 Nc6 3. Bb5 a6 4. Ba4 Nf6 5. O-O b5 6. Bb3 Be7 7. Re1 O-O 8. h3
d6 9. c3 h6 10. d4 Re8 11. Nbd2 Bf8 12. Nf1 Bd7 13. Ng3 Na5 14. Bc2 Nc4 15. b3
Nb6 16. Be3 c5 17. Nh2 Rc8 18. Qd2 Qc7 19. Rac1 a5 20. f4 b4 21. fxe5 dxe5 22.
d5 c4 23. Qf2 Bc5 24. Bxc5 Qxc5 25. Qxc5 Rxc5 26. cxb4 axb4 27. bxc4 Nxc4 28.
Bb3 Rec8 29. Rxc4 Rxc4 30. Bxc4 Rxc4 31. Nf3 Rc3 32. Kh2 h5 33. Rb1 h4 34. Nxh4
g5 35. Nf3 Bxh3 36. Nxe5 Ng4+ 37. Nxg4 Bxg4 38. Rxb4 Rc2 39. Kg1 Rxa2 40. e5
Bd1 41. Ne4 Kg7 42. Rd4 Ra1 43. Kh2 Bg4 44. d6 Re1 45. Nf6 1-0

[Event "BL 0304 SV Wattenscheid - Bremer SG"]
[Site "?"]
[Date "2003.11.23"]
[Round "4.5"]
[White "Agrest, Evgenij"]
[Black "Dinstuhl, Volkmar Dr"]
[Result "1-0"]
[WhiteElo "2605"]
[BlackElo "2439"]
[PlyCount "79"]
[EventDate "2003.??.??"]

1. c4 e5 2. Nc3 Nf6 3. Nf3 Nc6 4. d3 d5 5. cxd5 Nxd5 6. g3 Be7 7. Bg2 Nb6 8.
O-O O-O 9. a3 Be6 10. b4 Nd4 11. Bb2 Nxf3+ 12. Bxf3 c6 13. Ne4 f6 14. Nc5 Bxc5
15. bxc5 Nd7 16. d4 exd4 17. Bxd4 Qe7 18. Qc2 Rfd8 19. Be4 Nf8 20. Be3 Bd5 21.
Bd3 Qf7 22. Rab1 Rd7 23. Rb4 Re8 24. Bc1 Be6 25. Re1 Red8 26. Bf4 Ng6 27. Bd6
b6 28. Qb1 f5 29. a4 bxc5 30. Bxc5 Ne5 31. Bc2 Nc4 32. Rb8 Nd2 33. Qb4 Qe8 34.
Rxd8 Qxd8 35. Be3 h6 36. Qc5 Qc7 37. Bxf5 Bxf5 38. Qxf5 Qd6 39. Qc2 Qb4 40. Rd1
1-0

[Event "BL 0304 SV Wattenscheid - Bremer SG"]
[Site "?"]
[Date "2003.11.23"]
[Round "4.6"]
[White "Ellers, Holger"]
[Black "Stefansson, Hannes"]
[Result "1/2-1/2"]
[WhiteElo "2402"]
[BlackElo "2567"]
[PlyCount "141"]
[EventDate "2003.??.??"]

1. d4 Nf6 2. Nf3 e6 3. g3 b5 4. Bg2 Bb7 5. Bg5 Be7 6. O-O h6 7. Bxf6 Bxf6 8. c3
a6 9. Nbd2 d6 10. e3 Nd7 11. Ne1 Bxg2 12. Kxg2 O-O 13. Qf3 Rb8 14. Nd3 c5 15.
Rfd1 Qc7 16. Rac1 g6 17. dxc5 Bg7 18. cxd6 Qxd6 19. Nb4 Ne5 20. Qe2 Qb6 21. Nf3
Qb7 22. Nd3 Nd7 23. Kg1 a5 24. c4 bxc4 25. Rxc4 Rfc8 26. Nd2 Nb6 27. Rcc1 Rxc1
28. Rxc1 Rd8 29. Nb3 Na4 30. Rc2 Qb5 31. Ndc5 Qxe2 32. Rxe2 Nxb2 33. Nxa5 Rd1+
34. Kg2 Ra1 35. Nab3 Rb1 36. Rd2 Nc4 37. Rc2 Na3 38. Rd2 Nc4 39. Rd8+ Kh7 40.
Rd7 Kg8 41. Nd2 Nxd2 42. Rxd2 Rb5 43. Rd8+ Kh7 44. Nb3 Bf6 45. Ra8 Kg7 46. Nd2
Rb2 47. Nc4 Rc2 48. Nd6 Be5 49. Ne8+ Kh7 50. Ra5 Rc8 51. Rxe5 Rxe8 52. a4 Rc8
53. a5 Rc2 54. g4 g5 55. Kg3 Kg6 56. Rb5 Ra2 57. h3 Ra4 58. h4 gxh4+ 59. Kxh4
f6 60. Kg3 Ra3 61. Kg2 e5 62. Kg3 h5 63. gxh5+ Kxh5 64. Kf3 Ra2 65. Ke4 Kg4 66.
f3+ Kg3 67. Kf5 Kxf3 68. e4 Ke3 69. Kxf6 Kxe4 70. Rxe5+ Kd4 71. Re1 1/2-1/2

[Event "BL 0304 SV Wattenscheid - Bremer SG"]
[Site "?"]
[Date "2003.11.23"]
[Round "4.7"]
[White "Brenninkmeijer, Joris"]
[Black "Straeter, Timo"]
[Result "1-0"]
[WhiteElo "2500"]
[BlackElo "2335"]
[PlyCount "65"]
[EventDate "2003.??.??"]

1. d4 Nf6 2. c4 e6 3. Nf3 d5 4. Nc3 Nbd7 5. Bf4 dxc4 6. e3 a6 7. Bxc4 b5 8. Bb3
Bb7 9. O-O c5 10. d5 c4 11. dxe6 fxe6 12. Bc2 Qb6 13. e4 Bc5 14. e5 Nd5 15.
Nxd5 Bxd5 16. Ng5 O-O-O 17. Qe2 Rdf8 18. Bg3 h5 19. h4 Be7 20. Ne4 Kb8 21. Rad1
Nc5 22. Nxc5 Bxc5 23. Be4 Bxe4 24. Qxe4 Qb7 25. Qxb7+ Kxb7 26. Rd7+ Kc6 27.
Rxg7 Bd4 28. Rg6 Bxb2 29. Rxe6+ Kc5 30. f4 c3 31. Rd6 Kc4 32. f5 Rhg8 33. Rf4+
1-0

[Event "BL 0304 SV Wattenscheid - Bremer SG"]
[Site "?"]
[Date "2003.11.23"]
[Round "4.8"]
[White "Thiel, Thomas"]
[Black "Gisbrecht, Ewgeni"]
[Result "1/2-1/2"]
[WhiteElo "2303"]
[BlackElo "2441"]
[PlyCount "61"]
[EventDate "2003.??.??"]

1. e4 c5 2. Nc3 Nc6 3. Bb5 g6 4. Bxc6 bxc6 5. f4 Bg7 6. Nf3 d6 7. O-O Nf6 8. d3
O-O 9. Qe1 Rb8 10. b3 Bg4 11. Bd2 Nd7 12. f5 e6 13. Bg5 Qa5 14. f6 Nxf6 15.
Bxf6 Bxf6 16. Nd5 Qd8 17. Nxf6+ Qxf6 18. e5 Qd8 19. Nd2 Bf5 20. h3 h5 21. Qe3
dxe5 22. Qh6 Rb4 23. a3 Rf4 24. Rxf4 exf4 25. Nf3 Qf6 26. Re1 Qc3 27. Re5 f6
28. Rxf5 gxf5 29. Qg6+ Kh8 30. Qh6+ Kg8 31. Qg6+ 1/2-1/2

[Event "BL 0304 SK König Plauen - SG Köln Porz"]
[Site "?"]
[Date "2003.12.13"]
[Round "5.1"]
[White "Lutz, Christopher"]
[Black "Kindermann, Stefan"]
[Result "1/2-1/2"]
[WhiteElo "2613"]
[BlackElo "2542"]
[PlyCount "85"]
[EventDate "2003.??.??"]

1. e4 e6 2. d4 d5 3. Nc3 Bb4 4. e5 c5 5. a3 Bxc3+ 6. bxc3 Ne7 7. Qg4 O-O 8. Bd3
Nbc6 9. Qh4 f5 10. exf6 Nf5 11. f7+ Kxf7 12. Qxd8 Rxd8 13. Nf3 c4 14. Be2 Nd6
15. a4 h6 16. Bf4 Ne4 17. Ra3 Bd7 18. Nd2 Nf6 19. h4 Kg8 20. h5 Be8 21. g4 Bf7
22. Bg3 Kf8 23. f3 Bg8 24. Nf1 Bh7 25. Ne3 Re8 26. Kf2 b6 27. Raa1 Rad8 28.
Rad1 Rd7 29. Rhe1 Rf7 30. Kg1 Rb7 31. Rd2 Kf7 32. Rb1 Ree7 33. Rb2 Red7 34. Bf1
a6 35. Rd1 b5 36. axb5 axb5 37. Ra1 Rb6 38. Bf2 Rdb7 39. Ng2 b4 40. cxb4 Rxb4
41. Rxb4 Nxb4 42. c3 Nc2 43. Rc1 1/2-1/2

[Event "BL 0304 SK König Plauen - SG Köln Porz"]
[Site "?"]
[Date "2003.12.13"]
[Round "5.3"]
[White "Andersson, Ulf"]
[Black "Priehoda, Viteslav"]
[Result "1-0"]
[WhiteElo "2566"]
[BlackElo "2372"]
[PlyCount "69"]
[EventDate "2003.??.??"]

1. Nf3 c5 2. c4 g6 3. d4 Bg7 4. e4 Qa5+ 5. Bd2 Qb6 6. Bc3 cxd4 7. Bxd4 Bxd4 8.
Qxd4 Qxd4 9. Nxd4 Nc6 10. Nb5 Rb8 11. N1c3 Nh6 12. O-O-O d6 13. Be2 O-O 14. Nd5
f5 15. exf5 a6 16. Nd4 Nxf5 17. Nxf5 Bxf5 18. f3 b5 19. b3 Rfc8 20. Kb2 Kf8 21.
cxb5 axb5 22. Ne3 Be6 23. f4 Kg7 24. Rhe1 Bf7 25. Rd2 Na7 26. Nc2 Rc7 27. Nb4
Rf8 28. g3 Bg8 29. Bg4 h5 30. Bh3 h4 31. Rde2 hxg3 32. hxg3 Kf6 33. Be6 Bxe6
34. Rxe6+ Kf7 35. Nd5 1-0

[Event "BL 0304 SK König Plauen - SG Köln Porz"]
[Site "?"]
[Date "2003.12.13"]
[Round "5.4"]
[White "Sandner, Gunter"]
[Black "Beliavsky, Alexander G"]
[Result "0-1"]
[WhiteElo "2311"]
[BlackElo "2667"]
[PlyCount "44"]
[EventDate "2003.??.??"]

1. d4 Nf6 2. Nf3 g6 3. g3 c5 4. d5 b5 5. a4 b4 6. Bg2 d6 7. O-O Bg7 8. Re1 O-O
9. e4 Nbd7 10. Nbd2 a5 11. Nc4 Ba6 12. Nfd2 Qc7 13. Bf1 e6 14. dxe6 fxe6 15.
Nb3 d5 16. exd5 exd5 17. Bf4 Qa7 18. Ncxa5 Bxf1 19. Nc6 Qb7 20. Ne7+ Kf7 21.
Kxf1 Rfe8 22. Qe2 Qa6 0-1

[Event "BL 0304 SK König Plauen - SG Köln Porz"]
[Site "?"]
[Date "2003.12.13"]
[Round "5.5"]
[White "Graf, Alexander"]
[Black "Kuraszkiewicz, Michael"]
[Result "1-0"]
[WhiteElo "2646"]
[BlackElo "2304"]
[PlyCount "91"]
[EventDate "2003.??.??"]

1. d4 d5 2. c4 c6 3. Nf3 Nf6 4. Nc3 a6 5. c5 Nbd7 6. Bf4 Nh5 7. Bd2 Nhf6 8. Rc1
g6 9. h3 Bg7 10. Bf4 O-O 11. e3 Ne4 12. Be2 Nxc3 13. bxc3 b6 14. cxb6 Qxb6 15.
O-O c5 16. Qa4 h6 17. Rb1 Qe6 18. Nd2 cxd4 19. cxd4 Nf6 20. Qa5 Bd7 21. Rb6 Qf5
22. Bxa6 Bc8 23. Rc1 Qd7 24. Nb3 Ne4 25. Rc7 Qd8 26. Rxc8 Rxc8 27. Bxc8 Qxc8
28. Nc5 g5 29. Bb8 g4 30. Nxe4 dxe4 31. Qc5 Qd7 32. hxg4 Qxg4 33. Rb1 Kh7 34.
Qxe7 Qg6 35. Bg3 Rg8 36. Qd7 Bf6 37. Rb5 Ra8 38. Qd5 Rc8 39. Qf5 Ra8 40. Qxg6+
Kxg6 41. Rb2 Ra5 42. Bd6 Bg5 43. a3 Kf5 44. Rb7 Ke6 45. Bb4 Ra8 46. Rb5 1-0

[Event "BL 0304 SK König Plauen - SG Köln Porz"]
[Site "?"]
[Date "2003.12.13"]
[Round "5.7"]
[White "Hansen, Curt"]
[Black "Pfretzschner, Roland"]
[Result "1-0"]
[WhiteElo "2616"]
[BlackElo "2222"]
[PlyCount "81"]
[EventDate "2003.??.??"]

1. c4 Nf6 2. Nc3 d5 3. cxd5 Nxd5 4. g3 c5 5. Bg2 Nc7 6. Qb3 Nc6 7. Bxc6+ bxc6
8. Qa4 Qd6 9. Nf3 e5 10. d3 Be7 11. Nxe5 Qxe5 12. Bf4 Qf6 13. Bxc7 O-O 14. h4
Be6 15. Bf4 h6 16. Qxc6 c4 17. Nd5 Bxd5 18. Qxd5 Bb4+ 19. Kf1 Qxb2 20. Kg2 Qxe2
21. Qxc4 Ba5 22. Qd5 Bb6 23. Qf3 Rfe8 24. Rhe1 Qc2 25. a4 Rad8 26. Re4 Rxe4 27.
dxe4 Rd3 28. Rc1 Rxf3 29. Rxc2 Ra3 30. Bd6 Rxa4 31. e5 h5 32. f4 Re4 33. f5 Re3
34. Rc4 Kh7 35. g4 hxg4 36. Rxg4 Ba5 37. f6 g6 38. h5 gxh5 39. Rg7+ Kh6 40. e6
Re4 41. exf7 1-0

[Event "BL 0304 SK König Plauen - SG Köln Porz"]
[Site "?"]
[Date "2003.12.13"]
[Round "5.8"]
[White "Espig, Thomas"]
[Black "Kengis, Edwin"]
[Result "0-1"]
[WhiteElo "2300"]
[BlackElo "2572"]
[PlyCount "58"]
[EventDate "2003.??.??"]

1. e4 c5 2. Nf3 e6 3. d3 Nc6 4. g3 Bd6 5. Bg2 Bc7 6. c3 Nge7 7. Na3 a6 8. Nc2
d5 9. Qe2 O-O 10. O-O b6 11. Nh4 a5 12. Be3 dxe4 13. dxe4 Ba6 14. c4 Nd4 15.
Nxd4 cxd4 16. Rad1 e5 17. Bh3 Qd6 18. Bg5 Rfe8 19. b3 Bb7 20. Rfe1 g6 21. Rd3
Nc6 22. Rf3 Bd8 23. Qd2 Qb4 24. a3 Bxg5 25. Qxg5 Qxe1+ 26. Kg2 Nd8 27. Bd7 Bxe4
28. Bxe8 Bxf3+ 29. Nxf3 Qe4 0-1

[Event "BL 0304 TV Tegernsee - SF Katernberg"]
[Site "?"]
[Date "2003.12.13"]
[Round "5.2"]
[White "Sokolov, Andrei"]
[Black "Chuchelov, Vladimir"]
[Result "0-1"]
[WhiteElo "2584"]
[BlackElo "2603"]
[PlyCount "76"]
[EventDate "2003.??.??"]

1. e4 c5 2. Nf3 Nc6 3. d4 cxd4 4. Nxd4 Nf6 5. Nc3 e5 6. Ndb5 d6 7. Nd5 Nxd5 8.
exd5 Nb8 9. c4 Be7 10. Bd3 a6 11. Nc3 O-O 12. O-O Nd7 13. Qc2 g6 14. Bh6 Re8
15. f4 exf4 16. Bxf4 Ne5 17. Ne4 f5 18. Nf2 Bf6 19. a4 a5 20. Rad1 Bd7 21. b3
Qb6 22. Kh1 Re7 23. Bc1 Rae8 24. Ba3 Nxd3 25. Nxd3 Re2 26. Qb1 Bd4 27. Nf4 R2e4
28. Qd3 Be5 29. Bc1 Qd8 30. Qf3 Qh4 31. h3 Bd4 32. Bd2 Be3 33. Nd3 Bxd2 34.
Rxd2 Re3 35. Qf4 Qxf4 36. Rxf4 R8e4 37. Rf3 f4 38. Nxf4 Rxf3 0-1

[Event "BL 0304 TV Tegernsee - SF Katernberg"]
[Site "?"]
[Date "2003.12.13"]
[Round "5.3"]
[White "Glek, Igor V"]
[Black "Ribli, Zoltan"]
[Result "1/2-1/2"]
[WhiteElo "2555"]
[BlackElo "2593"]
[PlyCount "39"]
[EventDate "2003.??.??"]

1. e4 c5 2. Nf3 d6 3. d4 cxd4 4. Nxd4 Nf6 5. Nc3 a6 6. a4 Nc6 7. Be2 e6 8. O-O
Be7 9. Be3 O-O 10. f4 Qc7 11. Kh1 Re8 12. Bg1 Nxd4 13. Qxd4 e5 14. Qd3 exf4 15.
Rxf4 d5 16. e5 Qxe5 17. Raf1 Be6 18. Bd4 Qg5 19. Be3 Qe5 20. Bd4 1/2-1/2

[Event "BL 0304 TV Tegernsee - SF Katernberg"]
[Site "?"]
[Date "2003.12.13"]
[Round "5.4"]
[White "Bischoff, Klaus"]
[Black "Romero Holmes, Alfonso"]
[Result "1-0"]
[WhiteElo "2564"]
[BlackElo "2544"]
[PlyCount "83"]
[EventDate "2003.??.??"]

1. d4 e6 2. c4 b6 3. a3 Bb7 4. Nc3 f5 5. Nh3 Nf6 6. f3 g6 7. e3 Bg7 8. Be2 O-O
9. O-O Qe7 10. Bd2 d6 11. d5 e5 12. e4 f4 13. b4 c5 14. bxc5 dxc5 15. a4 a5 16.
Rb1 Nbd7 17. Ng5 Ne8 18. Ne6 Rf7 19. Nb5 Ba6 20. Nbc7 Nxc7 21. Nxc7 Ra7 22. Bc3
Rxc7 23. d6 Qd8 24. dxc7 Qxc7 25. Qb3 Rf6 26. Rfd1 Kf8 27. Qb2 Re6 28. Rd5 Ke7
29. Bf1 Qc6 30. Rbd1 Bc8 31. Qb5 g5 32. g3 fxg3 33. hxg3 g4 34. f4 h5 35. f5
Rh6 36. Bd2 Qxb5 37. cxb5 Rh7 38. Bg5+ Bf6 39. Bxf6+ Kxf6 40. Rd6+ Ke7 41. Re6+
Kf8 42. Rc6 1-0

[Event "BL 0304 TV Tegernsee - SF Katernberg"]
[Site "?"]
[Date "2003.12.13"]
[Round "5.5"]
[White "Moreno Carnero, Javier"]
[Black "Boensch, Uwe"]
[Result "0-1"]
[WhiteElo "2516"]
[BlackElo "2545"]
[PlyCount "118"]
[EventDate "2003.??.??"]

1. e4 c5 2. Nc3 Nc6 3. Nge2 e5 4. Nd5 Nge7 5. Nec3 Nxd5 6. Nxd5 d6 7. Bc4 Be6
8. O-O g6 9. d3 Bg7 10. f4 exf4 11. Nxf4 Bxc4 12. dxc4 O-O 13. c3 Ne5 14. Qe2
Qd7 15. Nd5 f6 16. Bf4 Rae8 17. Bg3 Rf7 18. Bh4 Qe6 19. Rae1 Rc8 20. h3 Rcf8
21. b3 Bh6 22. Bg3 Kg7 23. Nf4 Bxf4 24. Bxf4 Re8 25. Qd2 Rfe7 26. Bg3 Nf7 27.
Bh4 g5 28. Bg3 Qd7 29. Qf2 Re6 30. Qf3 Qe7 31. Kh2 b6 32. a4 Rd8 33. Kg1 Nh6
34. h4 Nf7 35. Qf5 Re8 36. Qf3 Ne5 37. Qe2 Ng6 38. hxg5 fxg5 39. Qg4 h6 40. Qf5
Rf8 41. Qd5 Nf4 42. Bxf4 gxf4 43. Rf3 Rff6 44. Re2 Re5 45. Qd3 Qe6 46. a5 bxa5
47. Ra2 Rxe4 48. Rxa5 Rf7 49. Ra6 Rd7 50. Qd2 Qe5 51. Rf1 Kh8 52. Qd3 Re2 53.
Rf2 Re3 54. Qd5 Re1+ 55. Kh2 Qe3 56. Qf3 Qc1 57. Qxf4 Rh1+ 58. Kg3 Rg1 59. Kf3
Qd1+ 0-1

[Event "BL 0304 TV Tegernsee - SF Katernberg"]
[Site "?"]
[Date "2003.12.13"]
[Round "5.6"]
[White "Beim, Valery"]
[Black "Senff, Martin"]
[Result "1/2-1/2"]
[WhiteElo "2518"]
[BlackElo "2446"]
[PlyCount "98"]
[EventDate "2003.??.??"]

1. c4 e6 2. Nf3 d5 3. d4 Nf6 4. e3 Nbd7 5. Nbd2 Be7 6. Bd3 O-O 7. O-O b6 8. b3
Bb7 9. Bb2 c5 10. Qe2 Rc8 11. Rac1 Rc7 12. Rfd1 Qa8 13. dxc5 Nxc5 14. Bb1 Rcc8
15. Ng5 Nce4 16. Ndxe4 dxe4 17. Qc2 Rfd8 18. Bxf6 gxf6 19. Nxe4 f5 20. Ng3 Bxg2
21. e4 Bxe4 22. Nxe4 Qxe4 23. Qxe4 fxe4 24. Bxe4 f5 25. Bb7 Rb8 26. Bc6 Kf7 27.
Kf1 Kf6 28. Ke2 Bc5 29. Rb1 a5 30. Rbc1 Ke5 31. Rxd8 Rxd8 32. Rc3 Bb4 33. Re3+
Kf6 34. Rd3 Rxd3 35. Kxd3 e5 36. f3 Kg5 37. Bd7 h5 38. h3 h4 39. Bc8 Kf4 40. a4
Bc5 41. Bd7 e4+ 42. fxe4 fxe4+ 43. Ke2 Ke5 44. Bc6 Kd4 45. Bb7 e3 46. Bc6 Kc3
47. Bb5 Kc2 48. Be8 Kxb3 49. Bb5 Kc3 1/2-1/2